Southville International School and Colleges
Your cart is empty.
  • Cart
  • Lists
    Public lists Eva Luna New books Lux_list list_1
    Your lists Log in to create your own lists
  • Log in to your account
  • Your cookies
  • Search history
Southville International School and Colleges
  • Advanced search
  • Recent comments
  • Most popular
  • Libraries

Log in to your account

Log in with GOOGLE


If you do not have an external account, but do have a local account, you can still log in:

  1. Home
  2. MARC view: Nursing care plans :
Normal view MARC view ISBD view

Nursing care plans : (Record no. 24951)

[ view plain ]
MARC details
000 -LEADER
fixed length control field 008870171a2200253 4500
005 - DATE AND TIME OF LATEST TRANSACTION
control field 20140310183551.0
008 - FIXED-LENGTH DATA ELEMENTS--GENERAL INFORMATION
fixed length control field 140114b xxu||||| |||| 00| 0 eng d
020 ## - INTERNATIONAL STANDARD BOOK NUMBER
International Standard Book Number 9789746521819
050 ## - LIBRARY OF CONGRESS CALL NUMBER
Classification number RT 49
Item number .D64 2010
100 ## - MAIN ENTRY--PERSONAL NAME
Personal name Doenges, Marilynn E.
245 ## - TITLE STATEMENT
Title Nursing care plans :
Remainder of title guidelines for individualizing patient care /
Statement of responsibility, etc Marilynn E. Doenges, Mary Frances Moorhouse, Alice C. Murr.
250 ## - EDITION STATEMENT
Edition statement 8th ed.
260 ## - PUBLICATION, DISTRIBUTION, ETC. (IMPRINT)
Place of publication, distribution, etc Philadelphia, PA :
Name of publisher, distributor, etc F.A. Davis,
Date of publication, distribution, etc 2010.
300 ## - PHYSICAL DESCRIPTION
Extent 961 p. :
Dimensions 28 cm.
500 ## - GENERAL NOTE
General note Includes bibliographical references (p. 935-957) and index.
521 ## - TARGET AUDIENCE NOTE
Target audience note
650 ## - SUBJECT ADDED ENTRY--TOPICAL TERM
Topical term or geographic name as entry element Nursing care plans
General subdivision Handbooks, manuals, etc.
650 ## - SUBJECT ADDED ENTRY--TOPICAL TERM
Topical term or geographic name as entry element Patient Care Planning
General subdivision Handbooks
650 ## - SUBJECT ADDED ENTRY--TOPICAL TERM
Topical term or geographic name as entry element Nursing Process
General subdivision Handbooks
700 ## - ADDED ENTRY--PERSONAL NAME
Personal name Moorhouse, Mary Frances, 1947-
700 ## - ADDED ENTRY--PERSONAL NAME
Personal name Geissler-Murr, Alice, 1946-
942 ## - ADDED ENTRY ELEMENTS (KOHA)
Koha item type Books
Source of classification or shelving scheme Library of Congress Classification
Call number prefix Foreign
Holdings
Withdrawn status Lost status Source of classification or shelving scheme Damaged status Home library Current library Shelving location Date acquired Source of acquisition Total Checkouts Full call number Barcode Date last seen Date checked out Copy number Price effective from Koha item type
    Library of Congress Classification   College Library College Library General Circulation Section 10/17/2011 Donation 1 RT 49 .D64 2010 C13782 05/15/2018 08/04/2015 1 10/18/2013 Books

Nursing care plans :

APA

Doenges M. E., Moorhouse M. F. 1. & Geissler-Murr A. 1. (2010). Nursing care plans. Philadelphia, PA: F.A. Davis.

Chicago

Doenges Marilynn E, Moorhouse Mary Frances 1947 and Geissler-Murr Alice 1946. 2010. Nursing care plans. Philadelphia, PA: F.A. Davis.

Harvard

Doenges M. E., Moorhouse M. F. 1. and Geissler-Murr A. 1. (2010). Nursing care plans. Philadelphia, PA: F.A. Davis.

MLA

Doenges Marilynn E, Moorhouse Mary Frances 1947 and Geissler-Murr Alice 1946. Nursing care plans. Philadelphia, PA: F.A. Davis. 2010.

  • Place hold
  • Print
  • Cite
  • Add to your cart (remove)
  • Save record
    BIBTEX Dublin Core MARCXML MARC (non-Unicode/MARC-8) MARC (Unicode/UTF-8) MARC (Unicode/UTF-8, Standard) MODS (XML) RIS
  • More searches
    Search for this title in:
    Other Libraries (WorldCat) Other Databases (Google Scholar) Online Stores (Bookfinder.com) Open Library (openlibrary.org)

Exporting to Dublin Core...

SOUTHVILLE LIBRARY

Southville International School and Colleges Library

1281 Tropical Ave. Cor. Luxembourg St., BF Homes International, Las Pinas City

Tel. No. 8256374 / 252358 Loc. 117/146

Powered by Koha